000 01355nam2a22002771 4500
001 v19\rc\1997387
005 20251118181416.9
035 _a(NLR Aleph) 005089434
090 _a7281028
_c7281028
100 _a20080811d1915 u y0rusy50 ca
101 0 _arus
102 _aRU
105 _ac z |||||
200 1 _a[Потерял ногу - потерял зазнобу
_e(На фоне войны)
_aХудожник Замшин
_e(На фоне войны)
_aПогонщики
_aСергей Кудрин
_aПролог]
210 _d1915
215 _a[4], 124 с., 1 л. портр.
461 0 _1001v19\rc\1997386
_12001#$aПотерял ногу - потерял зазнобу$e(На фоне войны). Т. 1-$fН. Беляков-Горский$vТ. 1
_1700#1$aБеляков-Горский$bН.
_97281023
_aБеляков-Горский, Н.
_cМосква
_d1915
_fН. Беляков-Горский
_nТипо-лит. В. Рихтер
_o(На фоне войны). Т. 1-
_p124 с., 1 л. портр.
_tПотерял ногу - потерял зазнобу
_vТ. 1
540 1 _aПотерял ногу - потерял зазнобу
801 0 _aRU
_bNLR
_gpsbo
801 0 _aRU
_bRuMoRGB
_2psbo
801 1 _aRU
_bProSoft-M
_2rusmarc
852 _aNLR
_j37.74.3.44
899 _aRuMoRGB
_jV 158/37
899 _aБАН
942 _cBOOK
980 _aNB